[Event "Arco op 42nd"]
[Site "Arco"]
[Date "2020.10.16"]
[Round "7.27"]
[White "Calcari, Manuel"]
[Black "Kellner, Nikolaus"]
[Result "0-1"]
[WhiteElo "1721"]
[BlackElo "1616"]
[PlyCount "82"]
[EventDate "2020.10.10"]
[EventType "swiss"]
[EventRounds "9"]
[EventCountry "ITA"]
[SourceTitle "CBM 198 Extra"]
[Source "ChessBase"]
[SourceDate "2020.11.30"]
[SourceVersion "1"]
[SourceVersionDate "2020.11.30"]
[SourceQuality "1"]

1. e4 e5 2. Nf3 f5 3. Nxe5 Qe7 4. d4 Nf6 5. Bg5 d6 6. Bxf6 Qxf6 7. Nc4 fxe4 8. Nbd2 Qxd4 9. Qe2 d5 10. c3 Qf6 11. Qh5+ Qf7 12. Qe5+ Kd8 13. Ne3 c6 14. 0-0-0 Nd7 15. Qg3 Nf6 16. Qf4 Qc7 17. Qh4 Qe7 18. Be2 h5 19. h3 Rg8 20. g4 g5 21. Qg3 h4 22. Qg2 Kc7 23. Rhe1 Qe5 24. f3 Bc5 25. Nc2 e3 26. Nb3 Bb6 27. Bd3 Bd7 28. Nbd4 Qf4 29. Rxe3 c5 30. Ne2 Qa4 31. Qh2+ Kc6 32. Qe5 Raf8 33. b4 Bc7 34. Qe7 Bd6 35. b5+ Kc7 36. b6+ axb6 37. Bb5 Qxb5 38. c4 Qxc4 39. Rc3 Qxc3 40. Qxf8 Qxc2+ 41. Kxc2 Rxf8 0-1

[Event "Arco op 40th"]
[Site "Arco"]
[Date "2018.10.17"]
[Round "5"]
[White "Antoniacci, Ricardo"]
[Black "Calcari, Manuel"]
[Result "1-0"]
[WhiteElo "1819"]
[BlackElo "1739"]
[PlyCount "67"]
[EventDate "2018.10.13"]
[EventType "swiss"]
[EventRounds "9"]
[EventCountry "ITA"]
[SourceTitle "CBM 186 Extra"]
[Source "ChessBase"]
[SourceDate "2018.08.24"]
[SourceVersion "1"]
[SourceVersionDate "2018.08.24"]
[SourceQuality "1"]

1. e4 e5 2. d4 exd4 3. Qxd4 Nc6 4. Qe3 g6 5. Nc3 Bg7 6. Nf3 Nge7 7. Bd2 d6 8. 0-0-0 Be6 9. Nd5 Qd7 10. Bc3 0-0 11. Nf6+ Bxf6 12. Bxf6 Qd8 13. Qh6 Nf5 14. exf5 Qxf6 15. Ng5 Qh8 16. fxe6 f6 17. Ne4 Ne7 18. Bc4 Rad8 19. Bb3 d5 20. Nc5 b6 21. Nd7 Rfe8 22. Rhe1 c6 23. Qf4 f5 24. g4 Qg7 25. g5 Rf8 26. Nxf8 Kxf8 27. Qe5 Qg8 28. f4 Ke8 29. c4 Rc8 30. Rd3 dxc4 31. Bxc4 b5 32. Bb3 a6 33. Red1 c5 34. Qc7 1-0

[Event "Arco op 40th"]
[Site "Arco"]
[Date "2018.10.13"]
[Round "1"]
[White "Astengo, Corrado"]
[Black "Calcari, Manuel"]
[Result "1-0"]
[WhiteElo "2114"]
[BlackElo "1739"]
[PlyCount "77"]
[EventDate "2018.10.13"]
[EventType "swiss"]
[EventRounds "9"]
[EventCountry "ITA"]
[SourceTitle "CBM 186 Extra"]
[Source "ChessBase"]
[SourceDate "2018.08.24"]
[SourceVersion "1"]
[SourceVersionDate "2018.08.24"]
[SourceQuality "1"]

1. e4 e5 2. d4 exd4 3. Nf3 c5 4. Bc4 Nc6 5. c3 Qe7 6. 0-0 g6 7. Bg5 f6 8. Bf4 Ne5 9. Bd5 d6 10. cxd4 Nxf3+ 11. Qxf3 cxd4 12. Qb3 Nh6 13. Na3 Nf7 14. Rac1 a6 15. Nc4 Ne5 16. Nb6 Rb8 17. Rxc8+ Rxc8 18. Nxc8 Qd7 19. Nb6 Qb5 20. Qxb5+ axb5 21. Rc1 g5 22. Rc8+ Ke7 23. Bxe5 dxe5 24. Bxb7 Kf7 25. Bd5+ Kg6 26. Nd7 Bg7 27. Rxh8 Bxh8 28. Kf1 Bg7 29. b4 f5 30. f3 g4 31. Bc6 fxe4 32. fxe4 Kf7 33. Bxb5 Ke7 34. Nc5 Kd6 35. a4 Bh6 36. a5 Bd2 37. a6 Kc7 38. Nd3 Kb6 39. Bc4 1-0

[Event "Arco op-A 39th"]
[Site "Arco"]
[Date "2017.10.12"]
[Round "6"]
[White "Moro, Roberto"]
[Black "Calcari, Manuel"]
[Result "1/2-1/2"]
[WhiteElo "1657"]
[BlackElo "1758"]
[PlyCount "78"]
[EventDate "2017.10.07"]
[EventType "swiss"]
[EventRounds "9"]
[EventCountry "ITA"]
[SourceTitle "CBM 181 Extra"]
[Source "ChessBase"]
[SourceDate "2017.12.12"]
[SourceVersion "1"]
[SourceVersionDate "2017.12.12"]
[SourceQuality "1"]

1. e4 e5 2. f4 exf4 3. Nf3 d6 4. d4 Nc6 5. Bxf4 Bg4 6. Bb5 a6 7. Bxc6+ bxc6 8. 0-0 Nf6 9. h3 Bh5 10. Nc3 Be7 11. Qd2 0-0 12. e5 Nd5 13. Nxd5 cxd5 14. Rae1 Qd7 15. Qe3 Rae8 16. Bg5 Bxf3 17. Bxe7 Bxg2 18. Bxf8 Bxf1 19. Bxg7 Bxh3 20. Qg3 Qg4 21. Qxg4 Bxg4 22. Bf6 dxe5 23. dxe5 h5 24. Re3 Rb8 25. b3 d4 26. Rd3 c5 27. c3 Bf5 28. Rg3+ Bg6 29. cxd4 cxd4 30. e6 Kf8 31. e7+ Ke8 32. Rg5 Rb6 33. Bxd4 Rd6 34. Bc5 Re6 35. Rd5 f5 36. Rd8+ Kf7 37. Rf8+ Kg7 38. Bd4+ Kh6 39. Bf6 f4 1/2-1/2

[Event "Arco op 38th"]
[Site "Arco"]
[Date "2016.10.11"]
[Round "4"]
[White "Klein, Gernot"]
[Black "Calcari, Manuel"]
[Result "0-1"]
[WhiteElo "1818"]
[BlackElo "1726"]
[PlyCount "166"]
[EventDate "2016.10.08"]
[EventType "swiss"]
[EventRounds "9"]
[EventCountry "ITA"]
[SourceTitle "EXT 2017"]
[Source "ChessBase"]
[SourceDate "2016.10.25"]
[SourceVersion "1"]
[SourceVersionDate "2016.10.25"]
[SourceQuality "1"]

1. e4 e5 2. Nf3 Nc6 3. Bb5 Bc5 4. c3 Nf6 5. d3 a6 6. Ba4 b5 7. Bc2 h6 8. 0-0 0-0 9. Be3 Qe7 10. Bxc5 Qxc5 11. d4 Qe7 12. Nbd2 d6 13. Re1 Bg4 14. d5 Na5 15. Nf1 c5 16. dxc6 Nxc6 17. h3 Bh5 18. Ng3 Bg6 19. Nh4 Rad8 20. Ngf5 Qd7 21. Qe2 Ne7 22. Nxe7+ Qxe7 23. Nxg6 fxg6 24. a4 Nh5 25. g3 Qd7 26. Qg4 Qf7 27. Rf1 Kh7 28. axb5 axb5 29. Qe2 Qd7 30. Kh2 Rb8 31. Rad1 Nf6 32. Rd2 Qc6 33. Rfd1 Rfd8 34. Qe3 b4 35. Bb1 bxc3 36. Qxc3 Qxc3 37. bxc3 Rb3 38. c4 Rc3 39. Bd3 Rc8 40. Kg2 h5 41. Ra2 Rc6 42. Raa1 Nd7 43. Rac1 Ra3 44. Ra1 Rc3 45. Rac1 Ra3 46. Bf1 Nb6 47. Rd2 Na4 48. Rcd1 Nc5 49. f3 Raa6 50. Rb1 Ra3 51. Rbd1 Raa6 52. Be2 g5 53. Rb2 Ra3 54. Rbd2 Raa6 55. f4 gxf4 56. gxf4 exf4 57. h4 Kh6 58. Kf3 Ne6 59. Rd5 g6 60. Kf2 Nc5 61. Kf3 Ne6 62. Kf2 Rab6 63. Rb5 Ra6 64. Rb2 Nc5 65. Kf3 Ne6 66. Kf2 Ra7 67. Rbd2 Nc5 68. Kf3 Ra3+ 69. Bd3 g5 70. hxg5+ Kxg5 71. Rg1+ Kf6 72. Ke2 Nb3 73. Rdd1 Nd4+ 74. Kf1 Nf3 75. Rg8 Ne5 76. Ke2 f3+ 77. Ke3 Rxc4 78. Rf8+ Ke7 79. Rf5 Rcc3 80. Rxh5 Nxd3 81. Kd4 f2 82. Rf5 Nb2 83. Rd2 Rc4+ 0-1

[Event "Arco op 38th"]
[Site "Arco"]
[Date "2016.10.10"]
[Round "3"]
[White "Calcari, Manuel"]
[Black "Cardilli, Mariano"]
[Result "0-1"]
[WhiteElo "1726"]
[BlackElo "2051"]
[PlyCount "100"]
[EventDate "2016.10.08"]
[EventType "swiss"]
[EventRounds "9"]
[EventCountry "ITA"]
[SourceTitle "EXT 2017"]
[Source "ChessBase"]
[SourceDate "2016.10.25"]
[SourceVersion "1"]
[SourceVersionDate "2016.10.25"]
[SourceQuality "1"]

1. e4 c6 2. Nf3 d5 3. exd5 cxd5 4. d4 Nc6 5. Bf4 Nf6 6. Nc3 Bg4 7. Be2 e6 8. a3 Be7 9. 0-0 0-0 10. Re1 Rc8 11. Rc1 Na5 12. Ne5 Bxe2 13. Nxe2 Nc4 14. Nxc4 Rxc4 15. c3 b5 16. f3 a5 17. b4 axb4 18. axb4 Nd7 19. Ra1 Nb6 20. Qb3 Na4 21. Rec1 Bg5 22. Rc2 Bxf4 23. Nxf4 Qg5 24. g3 Rfc8 25. Rac1 e5 26. Ng2 exd4 27. f4 Qf5 28. Re1 Rxc3 29. Rce2 h6 30. Qd1 Qf6 31. Re5 R3c4 32. Qd2 Nc3 33. Qb2 g6 34. Nh4 Qd6 35. Qd2 Ne4 36. Qe2 Rc1 37. Re8+ Rxe8 38. Rxc1 Qxb4 39. Nf3 Nd6 40. Qd3 Re3 41. Qd1 Nf5 42. g4 Nd6 43. Nxd4 Re4 44. Ne2 Qa3 45. Rc3 Qb2 46. Rc2 Qa3 47. Rc3 Qb4 48. Qd3 Rxe2 49. Rc8+ Nxc8 50. Qxe2 Qd4+ 0-1

[Event "Arco op 37th"]
[Site "Arco"]
[Date "2015.10.15"]
[Round "6"]
[White "Calcari, Manuel"]
[Black "Bozzao, Francesco"]
[Result "0-1"]
[WhiteElo "1769"]
[BlackElo "1883"]
[PlyCount "108"]
[EventDate "2015.10.10"]
[EventType "swiss"]
[EventRounds "9"]
[EventCountry "ITA"]
[SourceTitle "CBM 168 Extra"]
[Source "ChessBase"]
[SourceDate "2015.10.29"]
[SourceVersion "1"]
[SourceVersionDate "2015.10.29"]
[SourceQuality "1"]

1. e4 c5 2. Nf3 d6 3. Bc4 e6 4. Nc3 Nf6 5. d3 Be7 6. 0-0 0-0 7. Be3 a6 8. a4 Nc6 9. Ne2 d5 10. exd5 exd5 11. Bb3 Bg4 12. Ng3 Ne5 13. h3 Nxf3+ 14. gxf3 Bxh3 15. Re1 Qd7 16. Kh2 Be6 17. Rg1 Bd6 18. Bg5 Nh5 19. Qd2 f6 20. Be3 d4 21. Bxe6+ Qxe6 22. Bh6 gxh6 23. Qxh6 Qf7 24. Kh1 Nxg3+ 25. fxg3 Qg6 26. Qh3 Rae8 27. Rg2 f5 28. g4 f4 29. Rag1 Re3 30. Rh2 Rfe8 31. g5 R8e6 32. Qg4 Re1 33. Rh6 Qf7 34. Rxe1 Rxe1+ 35. Kg2 Qe8 36. Rh2 Re2+ 37. Kh3 Rxh2+ 38. Kxh2 b5 39. axb5 axb5 40. Kh3 Kg7 41. Qf5 Qh5+ 42. Kg2 Qf7 43. Qe4 Qe7 44. Qc6 Qxg5+ 45. Kf1 Be7 46. Qe4 h5 47. b4 h4 48. bxc5 Bxc5 49. Qb7+ Be7 50. Qd7 Qe5 51. Qg4+ Kh6 52. Qc8 Bb4 53. Qc6+ Kg5 54. Qb7 h3 0-1

[Event "Arco op 37th"]
[Site "Arco"]
[Date "2015.10.11"]
[Round "2"]
[White "Ager, Josef"]
[Black "Calcari, Manuel"]
[Result "1-0"]
[WhiteElo "2087"]
[BlackElo "1769"]
[PlyCount "111"]
[EventDate "2015.10.10"]
[EventType "swiss"]
[EventRounds "9"]
[EventCountry "ITA"]
[SourceTitle "CBM 168 Extra"]
[Source "ChessBase"]
[SourceDate "2015.10.29"]
[SourceVersion "1"]
[SourceVersionDate "2015.10.29"]
[SourceQuality "1"]

1. Nf3 b6 2. g3 Bb7 3. Bg2 g6 4. c4 Bg7 5. Nc3 e5 6. e4 Ne7 7. d4 exd4 8. Nxd4 Nbc6 9. Nde2 0-0 10. h4 h6 11. h5 g5 12. f4 f6 13. Be3 Qe8 14. Qd2 Na5 15. b3 c5 16. 0-0-0 Rd8 17. Nb5 Nc8 18. Nc7 Qe7 19. Nc3 d6 20. N7d5 Qd7 21. Qe2 Ne7 22. e5 Nac6 23. exf6 Bxf6 24. Nxf6+ Rxf6 25. fxg5 hxg5 26. Bxg5 Re6 27. Qd2 Ne5 28. Nd5 Rf8 29. Nxe7+ Rxe7 30. Bxb7 Qxb7 31. Bxe7 Qxe7 32. Qxd6 Qg5+ 33. Qd2 Qf6 34. Kb1 Qf5+ 35. Qc2 Ng4 36. Qxf5 Rxf5 37. h6 Nf6 38. h7+ Nxh7 39. Rd7 Nf6 40. Rxa7 Ne4 41. Re1 Re5 42. Kb2 Re6 43. g4 Kf8 44. Rb7 Ke8 45. g5 Nxg5 46. Rxe6+ Nxe6 47. Rxb6 Nd4 48. Rb7 Kd8 49. Rh7 Ne6 50. a3 Kc8 51. Re7 Nd8 52. Kc3 Nc6 53. Rh7 Ne5 54. b4 cxb4+ 55. axb4 Nc6 56. b5 1-0